| 000 | 00665nam a2200205 i 4500 | ||
|---|---|---|---|
| 001 | 58072 | ||
| 003 | ES-MaACL | ||
| 005 | 20250822035246.0 | ||
| 007 | t| | ||
| 008 | 031020s1920 fr ||||1| fre d | ||
| 100 | 1 |
_aDuprat, G. L. _946114 |
|
| 245 | 1 | 3 |
_aLa psychologie sociale _b: sa nature et ses principales lois / _cpar G.L. Duprat. |
| 260 |
_aParís : _bOctave Doin, _c1920 ( _fJouve et C.) |
||
| 300 |
_a369 p. ; _c18 cm. |
||
| 490 | 1 | _aBibliothèque de psychologie experimentale | |
| 650 | 0 | 7 |
_aPsicología social _2embne _916573 |
| 830 | 0 |
_aBibliothèque de psychologie experimentale _9230459 |
|
| 852 |
_aES-MaACL _jD-4335 |
||
| 999 |
_c58072 _d58072 |
||